Players who have more Goal/Assist than Ronaldo in World Cup KO - Statistics

General Stats
  • This quiz has been taken 11 times
  • The average score is 7 of 16
Answers on the Grid
Answers color-coded by a green-red scale on the quiz's grid according to % correct below.
Maguire
Vertonghen
Neuer
Varane
Umtiti
Pepe
Pavard
Hummels
Puyol
Trippier
Yerry Mina
David Luiz
Sokratis
Thiago Silva
Mercado
Lilian Thuram
Yamal
Joao Felix
Rodrigo de Paul
 
Answer Stats
Answer % Correct
David Luiz
78%
Hummels
56%
Maguire
56%
Pavard
56%
Trippier
56%
Neuer
44%
Puyol
44%
Thiago Silva
44%
Yerry Mina
44%
Lilian Thuram
33%
Varane
33%
Vertonghen
33%
Mercado
22%
Pepe
22%
Sokratis
22%
Umtiti
22%
No matching quizzes found
Score Distribution
Percent of People with Each Score
Percentile by Number Answered
Your Score History
You have not taken this quiz